Sports Quiz

Random Sports or WWE Quiz

PPV Main Eventers that never won WWE/WHC belt Quiz Stats

 Plays Quiz not verified by Sporcle

Challenge
Share
Tweet
Embed
Score 0/87 Timer 20:00
0 Plays Today
Pay-Per-View Wrestler % Correct
Wrestlemania IRoddy Piper
90.1%
Wrestlemania IVTed DiBiase
82.8%
Hell in a Cell 2009Ted DiBiase jr.
80.7%
SummerSlam 2010 (stable name)Wade Barrett
79.7%
SummerSlam 2010 (stable name)Skip Sheffield
79.7%
In Your House 16Goldust
79.2%
SummerSlam 2010 (stable name)Justin Gabriel
77.1%
SummerSlam 2010 (stable name)Heath Slater
77.1%
SummerSlam 2010 (stable name)David Otunga
77.1%
SummerSlam 2010 (stable name)Michael Tarver
75.5%
Hell in a Cell 2009Cody Rhodes
74.5%
Wrestlemania IPaul Orndorff
73.4%
ECW One Night Stand 2005Tommy Dreamer
73.4%
December to Dismember Hardcore Holly
70.8%
SummerSlam 1995King Mabel
69.8%
Wrestlemania IIKing Kong Bundy
69.3%
No Way Out of Texas : In Your HouseBilly Gunn
68.2%
ECW One Night Stand 2005The Sandman
68.2%
Survivor Series 1991Road Warrior Animal
67.2%
Survivor Series 1991Road Warrior Hawk
67.2%
December to Dismember Test
67.2%
SummerSlam 2010 (stable name)Darren Young
66.7%
King of the Ring 1999Shane McMahon
65.6%
Survivor Series 2005Bobby Lashley
65.6%
New Year's Revolution 2007Umaga
65.6%
InvasionDiamond Dallas Page
65.1%
Survivor Series 1987Bam Bam Bigelow
64.6%
In Your House 9Vader
64.6%
InvasionRhyno
64.6%
Pay-Per-View Wrestler % Correct
Survivor Series 2005Carlito
64.6%
Vengeance 2006 (stable)Kenny
64.6%
SummerSlam 1992The British Bulldog
64.1%
No Way Out of Texas : In Your HouseRoad Dogg
64.1%
Survivor Series 1988Big Boss Man
63.5%
King of the Ring 1997Faarooq
63.5%
Survivor Series 1987Rick Rude
62.5%
Survivor Series 2005Chris Masters
62%
Vengeance 2006 (stable)Mikey
62%
Elimination Chamber 2010R-Truth
62%
Vengeance 2006 (stable)Johnny
61.5%
Vengeance 2006 (stable)Mitch
61.5%
Elimination Chamber 2010John Morrison
61.5%
In Your House 16Ken Shamrock
60.4%
Survivor Series 1989Jim Neidhart
59.9%
Survivor Series 1993Rick Steiner
59.9%
Survivor Series 1993Scott Steiner
59.9%
SummerSlam 1993Lex Luger
59.4%
King of the Ring 1994Jerry Lawler
59.4%
No Mercy 2006Fit Finlay
57.8%
Wrestlemania XILawrence Taylor
57.6%
Survivor Series 1993Crush
57.3%
Survivor Series 1990Tito Santana
56.8%
Survivor Series 1988Terry Taylor
55.7%
Rebellion 2000Rikishi
55.2%
No Way Out of Texas : In Your HouseTerry Funk
54.2%
In Your House 9Ahmed Johnson
53.1%
Survivor Series 1989Marty Jannetty
52.1%
No Way Out 2009Mike Knox
51.6%
Pay-Per-View Wrestler % Correct
Survivor Series 1991Irwin R. Schyster
51%
Survivor Series 1987One Man Gang
49.5%
Survivor Series 2004Maven
49.5%
Survivor Series 1990Rick Martel
48.4%
Survivor Series 1991Earthquake
48.4%
In Your House 16Brian Pillman
48.4%
Survivor Series 1989Arn Anderson
47.4%
InvasionBubba Ray Dudley
45.8%
Survivor Series 2004Snitsky
45.8%
Survivor Series 1989Haku
45.3%
King of the Ring 1995Tatanka
45.3%
SummerSlam 1989Brutus Beefcake
44.8%
InvasionD-Von Dudley
44.3%
Survivor Series 1990The Warlord
43.8%
Survivor Series 1991Typhoon
42.2%
Survivor Series 1988Hercules
40.6%
Over The Limit 2012John Laurinaitis
39.6%
Wrestling ClassicJunkyard Dog
38.5%
SummerSlam 1989Zeus
38%
Survivor Series 1987Don Muraco
37.5%
Survivor Series 1993Ludvig Borga
37.1%
Survivor Series 1987Butch Reed
37%
Survivor Series 1988Koko B. Ware
37%
Survivor Series 1993Jacques Rougeau
34.4%
SummerSlam 1991General Adnan
34.4%
Survivor Series 1990Paul Roma
33.9%
Survivor Series 1989Bobby Heenan
33.3%
Survivor Series 1987Ken Patera
31.8%
Survivor Series 1988Hillbilly Jim
29.7%

You're not logged in!

Compare scores with friends on all Sporcle quizzes.
OR
Log In

You Might Also Like...

Show Comments

Extras

Top Quizzes Today


Score Distribution

Your Account Isn't Verified!

In order to create a playlist on Sporcle, you need to verify the email address you used during registration. Go to your Sporcle Settings to finish the process.

Report this User

Report this user for behavior that violates our Community Guidelines.

Details: